000 00505nam a2200169 i 4500
001 113455
003 ES-MaACL
005 20230906185911.0
007 t|
008 061121s1960 sp r ||||1| spa d
100 0 _aPalacios Albiñana, Joaquín.
_988421
245 1 3 _aLa cuestión de Palestina /
_c: datos y testimonios.
260 _aMadrid :
_b[s. n.],
_c1960 (
_fImp. Rofer)
300 _a87 p. ;
_c15 cm.
650 4 _aRelaciones árabe-israelíes.
_9170180
852 _aES-MaACL
_jC-18155
_bR.45471
999 _c113455
_d113455